Účtovná uzávierka a účtovná závierka podniku bakalárska práca

Saved in:
Bibliographic Details
Main Author: Straková, Ivana
Corporate Author: Fakulta hospodárskej informatiky EU. Katedra účtovníctva a audítorstva
Other Authors: Meluchová, Jitka, 1965-
Format: Book
Language:Slovak
Published: Bratislava 2020
Tags: Add Tag
No Tags, Be the first to tag this record!

MARC

LEADER 00000nbm a2200000 4500
001 0264720
005 20210427214223.4
041 0 |a slo 
044 |a SK 
245 1 0 |a Účtovná uzávierka a účtovná závierka podniku  |b bakalárska práca  |c Ivana Straková ; školiteľ: Jitka Meluchová 
264 1 |a Bratislava  |c 2020 
300 |a 56 s. 
100 1 |a Straková, Ivana 
700 1 |a Meluchová, Jitka, 1965- 
710 2 |a Fakulta hospodárskej informatiky EU. Katedra účtovníctva a audítorstva